Nová legislatíva sa týka DPH, registračiek aj zrušenia kolkov

Balík legislatívnych zmien, ktoré by mali pomôcť v boji proti daňovým podvodom. Ako jedno z najperspektívnejších by malo byť zavedenie kontrolného výkazu pri dani z pridanej hodnoty, ktorý by mal priniesť efektívnejšiu a rýchlejšiu kontrolu daňových subjektov. Krížovou kontrolou faktúr podnikateľa s...

ver descrição completa

Na minha lista:
Detalhes bibliográficos
Autor principal: Neupauerová, Zuzana
Formato: Capítulo de Livro
Idioma:eslovaco
Assuntos:
Tags: Adicionar Tag
Sem tags, seja o primeiro a adicionar uma tag!

MARC

LEADER 00000nla a2200000 4500
001 0175939
005 20240502073013.0
041 0 |a slo 
044 |a SK 
245 1 0 |a Nová legislatíva sa týka DPH, registračiek aj zrušenia kolkov  |c Zuzana Neupauerová 
520 |a Balík legislatívnych zmien, ktoré by mali pomôcť v boji proti daňovým podvodom. Ako jedno z najperspektívnejších by malo byť zavedenie kontrolného výkazu pri dani z pridanej hodnoty, ktorý by mal priniesť efektívnejšiu a rýchlejšiu kontrolu daňových subjektov. Krížovou kontrolou faktúr podnikateľa s jeho obchodným partnerom by sa mali potlačiť daňové podvodné aktivity. Súčasťou pripravovaných zmien je úprava zákona o používaní registračných pokladníc. S účinnosťou od 1.7.2014 by sa mali zrušiť kolkové známky. 
610 2 0 |a dane z hodnoty pridanej 
610 2 0 |a podvody 
610 2 0 |a kontrola 
610 2 0 |a pokladnice registračné 
610 2 0 |a legislatíva 
100 1 |a Neupauerová, Zuzana